Harry Potter : qui a un chat ? - Statistiques

Statistiques générales
  • Ce quiz a été pris 656 fois
  • Le résultat moyen est 4 sur 8
Answers on the Grid
Answers color-coded by a green-red scale on the quiz's grid according to % correct below.
Arabella Figg
Argus Rusard
Bathilda Tourdesac
Dolores Ombrage
Dudley Dursley
Fleur Delacour
Ginny Weasley
Harry Potter
Hermione Granger
James Potter
Lavande Brown
Madame Rosmerta
Millicent Bulstrode
Minerva McGonagall
Neville Londubat
Ron Weasley
 
Statistiques - réponses
Réponse % Correct
Argus Rusard
90%
Hermione Granger
85%
Dolores Ombrage
71%
Minerva McGonagall
57%
Arabella Figg
46%
Millicent Bulstrode
31%
Madame Rosmerta
24%
James Potter
18%
Aucun quiz correspondant
Distribution des résultats
% des personnes avec chaque résultat
Percentile par nombre de réponses
Votre historique - résultats
Vous n’avez pas pris ce quiz